00000000nas 2200000zi 4500
0019.928449
003CaOODSP
00520250730094524
006m     o  d f      
007cr cn ||||||||
008231010c20239999nkcar p o    f0###b0fre|d
022 |a2817-8858
040 |aCaOODSP|bfre|erda|cCaOODSP
043 |an-cnm--|an-cn-nf
0861 |aAC2-16F-PDF
1102 |aAgence de promotion économique du Canada atlantique.|eauteur, |eorganisme de publication.
222 0|aRapport d'étape de l'... sur le plan d'action en matière d'accessibilité
24510|aRapport d'étape de l'... sur le plan d'action en matière d'accessibilité / |cAgence de promotion économique du Canada atlantique.
2463 |aAgence de promotion économique du Canada atlantique, rapport d'étape de l'... sur le plan d'action en matière d'accessibilité
264 1|aMoncton (Nouveau-Brunswick) : |bAgence de promotion économique du Canada atlantique = Atlantic Canada Opportunities Agency, |c[2023]-
310 |aAnnuel
336 |atexte|btxt|2rdacontent/fre
337 |ainformatique|bc|2rdamedia/fre
338 |aressource en ligne|bcr|2rdacarrier/fre
3621 |aParaît depuis : Année 1 (décembre 2023).
500 |aPublié aussi en anglais sous le titre : ... progress report on the accessibility action plan.
588 |aDescription d'après : Année 1 (décembre 2023); titre de la page couverture du fichier PDF.
588 |aDernière livraison consultée : Année 1 (décembre 2023).
61026|aAgence de promotion économique du Canada atlantique|vPériodiques.
650 6|aAccessibilité aux personnes handicapées|zCanada|xPlanification|vPériodiques.
650 6|aPersonnes handicapées|xPolitique gouvernementale|zCanada|vPériodiques.
655 7|aPériodiques|2rvmgf
77508|t... progress report on the accessibility action plan / |w(CaOODSP)9.928445